| 000 | 00401nam a2200157 a 4500 | ||
|---|---|---|---|
| 001 | 4152 | ||
| 005 | 20140414131910.0 | ||
| 008 | 090608s19uu xx 00 eng d | ||
| 020 | _a0-525-45043-2 | ||
| 050 |
_aER _bEe1 1993 |
||
| 100 | _aMilne, A. A. | ||
| 245 |
_aEeyore has a birthday / _cA.A. Milne. |
||
| 260 |
_aNew York : _bDutton children's books, _cc1993. |
||
| 300 | _aunp. | ||
| 999 |
_c111177 _d111177 |
||